Methods of studying soil structure / (Record no. 2693)
[ view plain ]
| 000 -LEADER | |
|---|---|
| fixed length control field | 00437cam a2200169ua 4500 |
| 041 ## - LANGUAGE CODE | |
| Language code of text/sound track or separate title | eng |
| 082 ## - DEWEY DECIMAL CLASSIFICATION NUMBER | |
| Classification number | 631.4012 |
| Item number | LAR/ME |
| 100 ## - MAIN ENTRY--AUTHOR NAME | |
| Personal name | Larionou, A K . |
| 245 ## - TITLE STATEMENT | |
| Title | Methods of studying soil structure / |
| 260 ## - PUBLICATION, DISTRIBUTION, ETC. (IMPRINT) | |
| Place of publication | New Delhi : |
| Name of publisher | Amerind Publishing Co Pvt Ltd , |
| Year of publication | 1982. |
| 300 ## - PHYSICAL DESCRIPTION | |
| Number of Pages | 193 ; . |
| 942 ## - ADDED ENTRY ELEMENTS (KOHA) | |
| Koha item type | Books |
| Withdrawn status | Lost status | Damaged status | Home library | Current library | Date acquired | Full call number | Accession Number | Koha item type |
|---|---|---|---|---|---|---|---|---|
| KAUAET | KAUAET | 02/09/1986 | 631.4012 | 15592 | Books |
